30 città più grandi del Piemonte - Statistics

Statistiche generali
  • Questo quiz è stato fatto 238 volte
  • Il punteggio medio è 19 su 30
Statistiche sulle risposte
Popolazione Città % Corretto
90.987 Alessandria
100%
848.885 Torino
100%
101.727 Novara
98%
55.813 Cuneo
96%
73.539 Asti
95%
45.141 Vercelli
92%
42.761 Biella
86%
29.952 Verbania
82%
56.095 Moncalieri
75%
31.219 Alba
71%
22.623 Ivrea
62%
45.942 Settimo Torinese
61%
29.680 Bra
60%
35.371 Pinerolo
60%
32.520 Casale Monferrato
57%
47.386 Rivoli
56%
35.853 Chieri
55%
46.312 Nichelino
53%
48.451 Collegno
51%
26.545 Tortona
51%
24.265 Fossano
50%
32.452 Venaria Reale
50%
22.003 Mondovì
48%
26.231 Chivasso
47%
37.062 Grugliasco
46%
27.442 Novi Ligure
46%
28.219 Carmagnola
44%
21.505 Savigliano
41%
23.032 Orbassano
39%
21.276 Borgomanero
27%
Nessun quiz corrispondente trovato
Distribuzione punteggi
Percentuale di utenti per punteggio
Percentile per numero di risposta
I tuoi punteggi nel tempo
Non hai fatto questo quiz